000 00358 a2200157 4500
001 75491
020 _a
040 _cAnchieta - Colégio São Paulo
100 _aBurgos, Emílio Maximiano
240 1 0 _aAs aventuras de Ikíu:
_lpor
245 1 0 _aAs aventuras de Ikíu:
300 _a32
362 0 _a2005
650 4 _aLiteratura infantil
942 _cBK
999 _c75491
_d75491